Statystyki dla Do którego państwa pasuje ten opis

Kliknij tutaj aby rozwiązać quiz!

Ogólne statystyki

  • Ten quiz został rozwiązany 49 razy
  • Średni wynik to 7 z 10

Statystyki odpowiedzi

OpisPaństwo% Poprawnych
Lider na świecie w produkcji: tytoniu, ryżu czy herbatyChiny
95%
Ludzie często mylą się, wskazując za stolicę tego państwa DubajZjednoczone Emiraty Arabskie
85%
Flaga tego państwa ukazuje czerwone kółko na białym tleJaponia
80%
W Azji leżą trzy kraje na literę J: Japonia, Jordania oraz ...Jemen
78%
Pierwsze muzułmańskie państwo w historii, które zorganizowało mistrzostwa świata w piłce nożnejKatar
76%
Stolicą tego państwa jest DżakartaIndonezja
66%
Kraj na bliskim wschodzie, którego stolica nazywa się identycznie jak państwo, w którym leżyKuwejt
63%
Państwo, które ma najmniejszą gęstość zaludnieniaMongolia
61%
W roku 1943 w stolicy tego kraju odbyła się słynna konferencjaIran
51%
Państwo to kontroluje Sentinel Północny, czyli wyspę której mieszkańcy atakują każdego kto zbliży się do ich terytoriumIndie
46%

Rozkład punktacji

Percentyl według liczby udzielonych odpowiedzi

Procent ludzi z każdym wynikiem

Twoja historia wyników

Nie rozwiązałeś tego quizu